Az Y generációs munkavállalók munkahelyi motivációja az idegenforgalomban és a vendéglátásban

Bibliographic Details
Main Author: Schlosser Bence Kristóf
Other Authors: Király László
Format: Thesis
Kulcsszavak:Generáció, X, Y, Z
Motiváció
Elégedettség, munkahelyi
Munkahelyi motiváció, Y generációs
Felmérés, kérdőíves
Elemzés
Online Access:http://dolgozattar.uni-bge.hu/59379

MARC

LEADER 00000nta a2200000 i 4500
001 dolg59379
005 20260114090842.0
008 260114suuuu hu om 000 hun d
040 |a BGE Dolgozattár Repozitórium  |b hun 
041 |a hu 
100 1 |a Schlosser Bence Kristóf 
245 1 3 |a Az Y generációs munkavállalók munkahelyi motivációja az idegenforgalomban és a vendéglátásban  |c Schlosser Bence Kristóf  |h [elektronikus dokumentum] 
695 |a Generáció, X, Y, Z 
695 |a Motiváció 
695 |a Elégedettség, munkahelyi 
695 |a Munkahelyi motiváció, Y generációs 
695 |a Felmérés, kérdőíves 
695 |a Elemzés 
700 1 |a Király László  |e ths 
856 4 0 |u http://dolgozattar.uni-bge.hu/59379/1/Schlosser_Bence-Kristof.pdf  |z Dokumentum-elérés